| 000 | 00337nam a2200097Ia 4500 | ||
|---|---|---|---|
| 008 | 180130s9999 xx 000 0 und d | ||
| 245 |
_cNoble, Kevin _aSecurity through diversity |
||
| 260 | _c2013 | ||
| 300 | _aBook title: Computer and information security handbook--Acession number C20545; pages 1041-1052 | ||
| 650 | _aINFORMATION SECURITY | ||
| 999 |
_c354187 _d354187 |
||